000
00236nam a22001097a 4500
082
_a
910 SWI'G
100
_a
SWIFT, JONATHAN
_9
46035
245
_a
GULLIVERS TRAVELS
260
_a
NEWYORK
_b
RINEHART
_c
1956
300
_a
295P
942
_c
BK
999
_c
568089
_d
568089